000 00714nam a2200217Ia 4500
003 GCL
008 140319s9999 xx 000 0 ara d
020 _a86811110
040 _aGCL /
_cGCL
082 0 4 _aد
_b050
_bم م
245 1 0 _aمجلة الطفولة والتنمية ( العدد 13 )
250 _aالاولى
260 _aالقاهرة :
_bالمجلس العربى للطفولة والتنمية ،
_c2004
650 0 4 _aالتنمية الاجتماعية
650 0 4 _aالاطفال
650 0 4 _aالمراهقون
650 0 4 _aالاطفال - علم نفس
650 0 4 _aالاطفال - العناية الصحية
650 0 4 _aتعليم الاطفال - مصر
942 _2ddc
_cCR
999 _c6881
_d6881